000 01075cam a2200277 4500
008 090401t1997 xxu||||| |||| 00| 0 eng d
020 _a085406835X
035 _a(Sirsi) u78816
041 0 _aeng
050 0 4 _a346.41078 $2 18
110 2 _aRoyal Institution of Chartered Surveyors
_94900
245 0 0 _aFarm receiverships
_h[electronic resource]
260 _aLondon
_bRICS
_c1997
300 _a17p.
_c30cm.
350 _a7.50
490 0 _aRICS Information Paper
520 _aConsiders standard security, the appointment of a receiver; the types of areas which might need by considered, issues relating to land tenure, consideration of the agricultural changes, legal mortgages and quotas.
520 _aWithdrawn 2 February 2007.
651 4 _aEngland and Wales
_y1543-
690 _aMANAGEMENT-CORPORATE RECOVERY
700 1 _aWilliams, Peter
700 1 _aBedford, Richard
856 _uhttps://www.rics.org/profession-standards/knowledge-and-information-services
_zEmail [email protected] for a digital copy
942 _n0
_2ddc
948 _c09/06/1997
999 _c96491
_d96491